[Event "Yuzhny op"]
[Site "Yuzhny"]
[Date "2011.09.06"]
[Round "6"]
[White "Reshetkov, Kirill"]
[Black "Miljutin, Oleg"]
[Result "0-1"]
[WhiteElo "2265"]
[BlackElo "2086"]
[PlyCount "88"]
[EventDate "2011.09.03"]
[EventType "swiss"]
[EventRounds "9"]
[EventCountry "UKR"]
[SourceTitle "CBM 144 Extra"]
[Source "ChessBase"]
[SourceDate "2011.10.28"]
[SourceVersion "1"]
[SourceVersionDate "2011.10.28"]
[SourceQuality "1"]

1. Nf3 d5 2. g3 Nf6 3. Bg2 c6 4. 0-0 Bf5 5. d3 h6 6. c4 dxc4 7. e4 Bg4 8. e5 Nfd7 9. e6 Bxe6 10. Nd4 Bd5 11. Bxd5 cxd5 12. dxc4 e5 13. cxd5 Bc5 14. Nf5 g6 15. b4 Bxb4 16. Qb3 Na6 17. Nxh6 Bf8 18. Ng4 Nac5 19. Qe3 f6 20. Nc3 Kf7 21. Qe2 Bd6 22. f4 Qe7 23. f5 g5 24. Rb1 Rae8 25. Be3 b6 26. Nb5 Ra8 27. h4 a6 28. Nxd6+ Qxd6 29. hxg5 fxg5 30. Qg2 Nf6 31. Nxf6 Kxf6 32. Qd2 Rag8 33. Qb4 Qxd5 34. Qxb6+ Kf7 35. Rf3 Rh1+ 36. Kg2 Rxb1 37. Qxc5 Qxc5 38. Bxc5 Rc8 39. Bd6 Rc2+ 40. Kh3 Rh1+ 41. Kg4 Kf6 42. Re3 Rc4+ 43. Kf3 g4+ 44. Kg2 Rhc1 0-1

[Event "Yuzhny op"]
[Site "Yuzhny"]
[Date "2011.09.04"]
[Round "3"]
[White "Miljutin, Oleg"]
[Black "Rogozhnikov, Nikolay"]
[Result "1-0"]
[WhiteElo "2086"]
[BlackElo "1878"]
[PlyCount "105"]
[EventDate "2011.09.03"]
[EventType "swiss"]
[EventRounds "9"]
[EventCountry "UKR"]
[SourceTitle "CBM 144 Extra"]
[Source "ChessBase"]
[SourceDate "2011.10.28"]
[SourceVersion "1"]
[SourceVersionDate "2011.10.28"]
[SourceQuality "1"]

1. e4 c5 2. Nf3 Nc6 3. Bb5 a6 4. Bxc6 bxc6 5. d3 e6 6. 0-0 d5 7. e5 g6 8. Nc3 Bg7 9. Na4 Qa5 10. c4 Qc7 11. Re1 Qe7 12. b3 Rb8 13. Ba3 Qd8 14. Bxc5 Ne7 15. Nd4 Bd7 16. Bd6 Ra8 17. c5 Nc8 18. Rc1 Ra7 19. Qd2 Rb7 20. f4 Ne7 21. Nb6 0-0 22. Nxd7 Qxd7 23. Bxe7 Qxe7 24. Nxc6 Qc7 25. Nd4 a5 26. c6 Rb4 27. Qf2 Rc8 28. a3 Rb6 29. a4 Bf8 30. Nb5 Qb8 31. c7 Qb7 32. Rc2 Rc6 33. Rec1 Rxc2 34. Rxc2 Ra8 35. Kf1 Qa6 36. Qe3 Kg7 37. Ke2 Qb7 38. g4 h6 39. Qc1 d4 40. Rc6 Rc8 41. Qc4 Bb4 42. f5 gxf5 43. gxf5 exf5 44. Kf2 Qa8 45. Nxd4 Qa7 46. Ke2 Qb7 47. Nxf5+ Kf8 48. Qd5 Re8 49. d4 Qc8 50. Nxh6 Re7 51. Qd8+ Re8 52. Qf6 Qd7 53. c8Q 1-0

[Event "Geller Memorial op-B 7th"]
[Site "Odessa"]
[Date "2011.08.25"]
[Round "6"]
[White "Miljutin, Oleg"]
[Black "Isakov, Artem"]
[Result "0-1"]
[WhiteElo "2089"]
[BlackElo "2158"]
[PlyCount "34"]
[EventDate "2011.08.20"]
[EventType "swiss"]
[EventRounds "9"]
[EventCountry "UKR"]
[SourceTitle "EXT 2014"]
[Source "ChessBase"]
[SourceDate "2013.11.20"]
[SourceVersion "1"]
[SourceVersionDate "2013.11.20"]
[SourceQuality "1"]

1. e4 e6 2. d4 d5 3. exd5 exd5 4. Nf3 Nf6 5. Bd3 Bd6 6. 0-0 0-0 7. Bg5 Bg4 8. Nbd2 Nbd7 9. c4 c5 10. cxd5 Qc7 11. h3 Bh5 12. Rc1 Nxd5 13. Ne4 Bf4 14. Bxf4 Qxf4 15. dxc5 Ne5 16. Neg5 Rad8 17. Re1 Nb4 0-1

[Event "Yuzhny op"]
[Site "Yuzhny"]
[Date "2010.09.08"]
[Round "3"]
[White "Chernichenko, Olga"]
[Black "Miljutin, Oleg"]
[Result "1-0"]
[WhiteElo "1927"]
[BlackElo "2166"]
[PlyCount "113"]
[EventDate "2010.09.07"]
[EventType "swiss"]
[EventRounds "9"]
[EventCountry "UKR"]
[SourceTitle "CBM 138 Extra"]
[Source "ChessBase"]
[SourceDate "2010.10.29"]
[SourceVersion "1"]
[SourceVersionDate "2010.10.29"]
[SourceQuality "1"]

1. e4 d5 2. exd5 Qxd5 3. Nc3 Qd6 4. d4 Nf6 5. Nf3 Bg4 6. h3 Bh5 7. g4 Bg6 8. Ne5 Nc6 9. Nb5 Qd8 10. Nxg6 hxg6 11. Bg2 e6 12. Bf4 Bd6 13. Nxd6+ cxd6 14. 0-0 d5 15. Qd3 0-0 16. c3 Rc8 17. Rfe1 Ne8 18. Qg3 Na5 19. b3 Nc7 20. Bf1 Qd7 21. h4 Nb5 22. Rac1 Rfd8 23. h5 gxh5 24. gxh5 Nd6 25. Bd3 f5 26. h6 Ne4 27. Bxe4 dxe4 28. Be5 Nc6 29. Bxg7 Kh7 30. Kh2 Rg8 31. Rg1 Qf7 32. Qh4 Ne7 33. c4 Rce8 34. Rce1 Ng6 35. Qh5 Ne5 36. Qxf7 Nxf7 37. Rg3 Nxh6 38. Bxh6 Rxg3 39. Kxg3 Kxh6 40. Kf4 Kg6 41. Ke5 Kf7 42. Rh1 Kg6 43. Rh3 a6 44. c5 Rd8 45. Kxe6 Rxd4 46. Rg3+ Kh7 47. Kxf5 Rd2 48. Kxe4 Rxf2 49. a3 Re2+ 50. Kd4 Rd2+ 51. Kc4 Rc2+ 52. Kb4 Rc1 53. a4 Rc2 54. Rd3 Kg6 55. Rd7 a5+ 56. Kxa5 Rxc5+ 57. Kb4 1-0

[Event "Yuzhny op"]
[Site "Yuzhny"]
[Date "2010.09.08"]
[Round "2"]
[White "Miljutin, Oleg"]
[Black "Rakhmangulov, Andrei"]
[Result "0-1"]
[WhiteElo "2166"]
[BlackElo "2394"]
[PlyCount "124"]
[EventDate "2010.09.07"]
[EventType "swiss"]
[EventRounds "9"]
[EventCountry "UKR"]
[SourceTitle "CBM 138 Extra"]
[Source "ChessBase"]
[SourceDate "2010.10.29"]
[SourceVersion "1"]
[SourceVersionDate "2010.10.29"]
[SourceQuality "1"]

1. e4 d6 2. d4 Nf6 3. Nc3 g6 4. f4 Bg7 5. Nf3 0-0 6. Bd3 Na6 7. 0-0 c5 8. d5 Bg4 9. Qe1 Nb4 10. Nd2 Bd7 11. a4 e6 12. dxe6 fxe6 13. e5 dxe5 14. fxe5 Ng4 15. Rxf8+ Qxf8 16. Nc4 Nxd3 17. cxd3 Qf5 18. Qe2 Bc6 19. Be3 Nxe5 20. Rd1 b6 21. Nxe5 Qxe5 22. d4 cxd4 23. Rxd4 Rf8 24. Qd2 Qf6 25. Rf4 Qe7 26. Rxf8+ Bxf8 27. Qd3 Qb4 28. Qe2 Bc5 29. Qf2 Bxe3 30. Qxe3 Qd6 31. Kf2 Qf8+ 32. Kg3 Qf5 33. h4 h5 34. Qd4 Kh7 35. Qc4 g5 36. Kh2 Qf4+ 37. Qxf4 gxf4 38. g3 f3 39. Kg1 Kg6 40. b4 Kf5 41. b5 Bb7 42. Kf2 e5 43. Nd1 Ke4 44. Ne3 Bc8 45. Nc4 Kd4 46. Ne3 e4 47. Nc2+ Kc3 48. Ne3 Kd3 49. Nd1 Be6 50. Ne3 Bh3 51. Nd1 Bg4 52. Ne3 Be6 53. Nf1 Bb3 54. Ne3 Bxa4 55. g4 hxg4 56. Nxg4 Bxb5 57. h5 e3+ 58. Nxe3 Bc6 59. h6 Be4 60. Nd5 b5 61. Nb4+ Kc4 62. Na6 b4 0-1

[Event "Geller Memorial op-B1 6th"]
[Site "Odessa"]
[Date "2010.08.26"]
[Round "6"]
[White "Miljutin, Oleg"]
[Black "Pen Li, Min"]
[Result "1/2-1/2"]
[WhiteElo "2166"]
[BlackElo "1966"]
[PlyCount "60"]
[EventDate "2010.08.21"]
[EventType "swiss"]
[EventRounds "9"]
[EventCountry "UKR"]
[SourceTitle "EXT 2012"]
[Source "ChessBase"]
[SourceDate "2011.11.24"]
[SourceVersion "1"]
[SourceVersionDate "2011.11.24"]
[SourceQuality "1"]

1. e4 Nc6 2. Nf3 d6 3. d4 Nf6 4. Nbd2 Bg4 5. c3 g6 6. h3 Bxf3 7. Qxf3 Bg7 8. Bb5 0-0 9. 0-0 Nd7 10. Nc4 a6 11. Bxc6 bxc6 12. Na5 c5 13. Nc6 Qe8 14. Bg5 f6 15. Be3 Ne5 16. Nxe7+ Qxe7 17. dxe5 fxe5 18. Qe2 Bf6 19. Qd2 Qe6 20. f3 Be7 21. b4 c4 22. Rfd1 c6 23. a4 Rab8 24. Rab1 Rfd8 25. Qf2 d5 26. Bb6 Rf8 27. exd5 cxd5 28. Bc5 Bxc5 29. Qxc5 Rfd8 30. Re1 Rbc8 1/2-1/2

[Event "Yuzhny op"]
[Site "Yuzhny"]
[Date "2009.09.12"]
[Round "8"]
[White "Nelyubin, Sergey"]
[Black "Miljutin, Oleg"]
[Result "1-0"]
[WhiteElo "1988"]
[BlackElo "2165"]
[PlyCount "73"]
[EventDate "2009.09.08"]
[EventType "swiss"]
[EventRounds "9"]
[EventCountry "UKR"]
[SourceTitle "CBM 132 Extra"]
[Source "ChessBase"]
[SourceDate "2009.11.03"]
[SourceVersion "1"]
[SourceVersionDate "2009.11.03"]
[SourceQuality "1"]

1. d4 d5 2. Nf3 Bf5 3. c4 e6 4. Nc3 c6 5. cxd5 exd5 6. e3 Nd7 7. Bd3 Bg6 8. 0-0 Ngf6 9. Qc2 Bd6 10. a3 a5 11. Re1 0-0 12. e4 dxe4 13. Nxe4 Nxe4 14. Bxe4 Re8 15. Bg5 Qb6 16. Bxg6 hxg6 17. Re3 Qb5 18. Rae1 Kf8 19. Bh4 Qd5 20. Qd2 Rxe3 21. Qxe3 Nf6 22. Ne5 a4 23. Bxf6 gxf6 24. Nd7+ Kg7 25. Nb6 Qa5 26. Nxa8 Qxa8 27. Qc1 Qa5 28. Re4 Qb5 29. Rh4 f5 30. Qh6+ Kf6 31. Qh8+ Ke7 32. Rh3 Bf4 33. g3 Bc1 34. Qc8 Qxb2 35. Qc7+ Ke6 36. Rh7 Qb1 37. Qxf7+ 1-0

[Event "Yuzhny op"]
[Site "Yuzhny"]
[Date "2008.09.23"]
[Round "5"]
[White "Miljutin, Oleg"]
[Black "Remez, Serhiy"]
[Result "1-0"]
[WhiteElo "2167"]
[BlackElo "1988"]
[PlyCount "93"]
[EventDate "2008.09.20"]
[EventType "swiss"]
[EventRounds "9"]
[EventCountry "UKR"]
[SourceTitle "CBM 126 Extra"]
[Source "ChessBase"]
[SourceDate "2008.11.05"]
[SourceVersion "1"]
[SourceVersionDate "2008.11.05"]
[SourceQuality "1"]

1. e4 c6 2. d4 d5 3. e5 Bf5 4. Ne2 e6 5. Ng3 Bg6 6. h4 h6 7. h5 Bh7 8. Bd3 Bxd3 9. cxd3 Qb6 10. Be3 Qxb2 11. Nd2 Qc3 12. Rb1 Qxd3 13. Rxb7 Qa6 14. Qb1 Nd7 15. Rb3 Ne7 16. f4 g6 17. Ngf1 gxh5 18. Rxh5 Rg8 19. Kf2 Nf5 20. Nf3 c5 21. Rxf5 exf5 22. Nh4 Be7 23. Nxf5 Qg6 24. g3 c4 25. Rb5 Qc6 26. Bc1 Nb6 27. N1e3 Bf8 28. a4 Rd8 29. a5 Nc8 30. Rb8 Rg6 31. g4 Qa6 32. Bd2 Rc6 33. Bc3 f6 34. Rb5 fxe5 35. fxe5 Ne7 36. Nxe7 Bxe7 37. Nxd5 Rd7 38. Rb8+ Bd8 39. Qf5 Rxd5 40. Qe4 Rd7 41. d5 Rf7+ 42. Kg2 Rc8 43. Rxc8 Qxc8 44. e6 Rb7 45. d6 Qb8 46. Qg6+ Kf8 47. Qxh6+ 1-0

[Event "Geller Memorial op-A 4th"]
[Site "Odessa"]
[Date "2008.09.14"]
[Round "6"]
[White "Miljutin, Oleg"]
[Black "Stets, Vasilij"]
[Result "0-1"]
[WhiteElo "2167"]
[BlackElo "2265"]
[PlyCount "74"]
[EventDate "2008.09.09"]
[EventType "swiss"]
[EventRounds "9"]
[EventCountry "UKR"]
[SourceTitle "CBM 126 Extra"]
[Source "ChessBase"]
[SourceDate "2008.11.05"]
[SourceVersion "1"]
[SourceVersionDate "2008.11.05"]
[SourceQuality "1"]

1. e4 c5 2. Nf3 Nc6 3. Bb5 d6 4. 0-0 Bd7 5. Re1 Nf6 6. h3 a6 7. Bf1 g6 8. c3 Bg7 9. d4 cxd4 10. cxd4 0-0 11. d5 Ne5 12. Nd4 Rc8 13. Nc3 Qb6 14. Nb3 Nc4 15. Bxc4 Rxc4 16. Be3 Qd8 17. Nd2 Rc8 18. a4 e5 19. a5 Nh5 20. Na4 Bb5 21. Nb6 Rc7 22. b3 Rc3 23. Rc1 Rxc1 24. Qxc1 f5 25. exf5 gxf5 26. f3 Bd3 27. Nf1 e4 28. f4 Qh4 29. Kh2 Nf6 30. g3 Qh5 31. Kg2 Be2 32. Rxe2 Qxe2+ 33. Kg1 Nh5 34. Qc4 Nxg3 35. Qxe2 Nxe2+ 36. Kf2 Nd4 37. Nd2 Kf7 0-1

[Event "Ilichevsk Sunny Pawn op"]
[Site "Ilichevsk"]
[Date "2008.07.30"]
[Round "10"]
[White "Daryev, Sergey"]
[Black "Miljutin, Oleg"]
[Result "1-0"]
[WhiteElo "2037"]
[BlackElo "2167"]
[PlyCount "57"]
[EventDate "2008.07.20"]
[EventType "swiss"]
[EventRounds "10"]
[EventCountry "UKR"]
[SourceTitle "CBM 125 Extra"]
[Source "ChessBase"]
[SourceDate "2008.09.01"]
[SourceVersion "1"]
[SourceVersionDate "2008.09.01"]
[SourceQuality "1"]

1. b3 e5 2. Bb2 d6 3. c4 f5 4. g3 Nf6 5. Bg2 Be7 6. e3 0-0 7. Ne2 c6 8. d4 e4 9. 0-0 Na6 10. a3 Nc7 11. Nbc3 d5 12. cxd5 Ncxd5 13. Nxd5 Nxd5 14. Nf4 Nxf4 15. exf4 Bf6 16. b4 Qd6 17. Qc2 Rd8 18. Rfd1 Be6 19. Rd2 Rd7 20. Bf1 Qd5 21. Rc1 Qb3 22. Qxb3 Bxb3 23. Rc5 Rad8 24. Rxf5 Bxd4 25. Bxd4 Rxd4 26. Rb2 Bd1 27. Be2 Rd2 28. Rxd2 Rxd2 29. Bc4+ 1-0

[Event "Ilichevsk Sunny Pawn op"]
[Site "Ilichevsk"]
[Date "2008.07.21"]
[Round "2"]
[White "Zinchenko, Evgeny"]
[Black "Miljutin, Oleg"]
[Result "1-0"]
[WhiteElo "1909"]
[BlackElo "2167"]
[PlyCount "87"]
[EventDate "2008.07.20"]
[EventType "swiss"]
[EventRounds "10"]
[EventCountry "UKR"]
[SourceTitle "CBM 125 Extra"]
[Source "ChessBase"]
[SourceDate "2008.09.01"]
[SourceVersion "1"]
[SourceVersionDate "2008.09.01"]
[SourceQuality "1"]

1. d4 d5 2. c4 e6 3. g3 Nf6 4. Bg2 dxc4 5. Qa4+ Bd7 6. Qxc4 Bc6 7. Nf3 Nbd7 8. Nc3 Bd6 9. 0-0 0-0 10. Qd3 Bb4 11. Bg5 h6 12. Bf4 Bxc3 13. bxc3 Be4 14. Qd2 Rc8 15. Ne5 Bxg2 16. Kxg2 c5 17. Nxd7 Qxd7 18. Be5 Ng4 19. Qf4 Nxe5 20. dxe5 Rfd8 21. Rfd1 Qc6+ 22. e4 Qa4 23. Rd6 b5 24. Qe3 b4 25. c4 Qc2 26. Rxd8+ Rxd8 27. Qxc5 Qb2 28. Rf1 Rd2 29. Qxa7 Qxe5 30. Qb7 Rxa2 31. Qxb4 Qxe4+ 32. Kg1 Rc2 33. Qe7 f5 34. c5 Kh7 35. Qd6 Kg6 36. Qe7 Qe5 37. c6 Kh7 38. Qd7 f4 39. g4 Qe2 40. h3 Rc3 41. c7 Rxh3 42. Qd1 Qc4 43. Qb1+ Kg8 44. Rc1 1-0

[Event "Ilichevsk Sunny Pawn op"]
[Site "Ilichevsk"]
[Date "2007.07.23"]
[Round "4"]
[White "Miljutin, Oleg"]
[Black "Kolodiy, Taras"]
[Result "1/2-1/2"]
[WhiteElo "2167"]
[BlackElo "1869"]
[PlyCount "70"]
[EventDate "2007.07.20"]
[EventType "swiss"]
[EventRounds "11"]
[EventCountry "UKR"]
[SourceTitle "CBM 119 Extra"]
[Source "ChessBase"]
[SourceDate "2007.09.04"]
[SourceVersion "1"]
[SourceVersionDate "2007.09.04"]
[SourceQuality "1"]

1. e4 e5 2. Nf3 Nf6 3. Nc3 Nc6 4. d4 exd4 5. Nxd4 Bb4 6. Nxc6 bxc6 7. Bd3 d5 8. exd5 cxd5 9. 0-0 0-0 10. Nb5 c6 11. c3 Be7 12. Nd4 Qc7 13. Re1 Ng4 14. Nf3 Bc5 15. Re2 Bd6 16. h3 Ne5 17. Nxe5 Bxe5 18. Qa4 Bd7 19. Qh4 g6 20. Bh6 Rfe8 21. Rae1 Bg7 22. Bxg7 Kxg7 23. Re7 Rxe7 24. Rxe7 Re8 25. Qd4+ Kg8 26. Qf6 Rxe7 27. Qxe7 Qc8 28. Kf1 a5 29. Qf6 Qe8 30. c4 dxc4 31. Bxc4 Be6 32. Bxe6 fxe6 33. Ke2 Qd7 34. Qe5 Qd5 35. Qb8+ Kg7 1/2-1/2